| 000 | 00347nam a2200133Ia 4500 | ||
|---|---|---|---|
| 008 | 240624s9999 xx 000 0 und d | ||
| 041 | _aeng | ||
| 082 | _a658.4012 PAT | ||
| 100 | _aPATEL KETAN J | ||
| 245 | _aMASTER STRATEGIST POWER PURPOSE AND PRIN | ||
| 260 |
_c2005 _aLondon _bHutchinson |
||
| 300 | _axii, : 240 : p. : cm. ; 22 | ||
| 365 | _cRS | ||
| 999 |
_c22850 _d22850 |
||